LIBRARY & INFORMATION CENTRE, KCAET, TAVANUR

ONLINE PUBLIC ACCESS CATALOGUE (OPAC)

Normal view MARC view
  • Elevatorski, Edward A

Entry Personal Name

Number of records used in: 1

001 - CONTROL NUMBER

  • control field: 7738

003 - CONTROL NUMBER IDENTIFIER

  • control field: OSt

005 - DATE AND TIME OF LATEST TRANSACTION

  • control field: 20250820152228.0

008 - FIXED-LENGTH DATA ELEMENTS

  • fixed length control field: 250820|| aca||aabn | a|a d

040 ## - CATALOGING SOURCE

  • Original cataloging agency: OSt
  • Transcribing agency: OSt

100 ## - HEADING--PERSONAL NAME

  • Personal name: Elevatorski, Edward A

670 ## - SOURCE DATA FOUND

  • Source citation: Work cat.: (OSt)2726: Elevatorski, Edward A ., Hydraulic energy dissipators / , 1959.
free website counter